Normal view
MARC view
Entry Topical Term
001 - CONTROL NUMBER
- control field: 14207
003 - CONTROL NUMBER IDENTIFIER
- control field: ARRUPE
005 - DATE AND TIME OF LATEST TRANSACTION
- control field: 20150119145641.0
008 - FIXED-LENGTH DATA ELEMENTS
- fixed length control field: 150119|| aca||aabn | a|a d
040 ## - CATALOGING SOURCE
- Original cataloging agency: ARRUPE
- Transcribing agency: ARRUPE
150 ## - HEADING--TOPICAL TERM
- Topical term or geographic name as entry element: Non-relativistic quantum mechanics
670 ## - SOURCE DATA FOUND
- Source citation: Work cat.: (ARRUPE): Landau, L. D. and Lifshitz, E. M. 14204, Quantum mechanics :, 1958.